Central Library OPAC University of Rajshahi

King George III and the politicians / (Record no. 24936)

MARC details
000 -LEADER
fixed length control field 00948cam a22003131 4500
001 - CONTROL NUMBER
control field 24936
003 - CONTROL NUMBER IDENTIFIER
rucl marc code BD-RjUL
005 - DATE AND TIME OF LATEST TRANSACTION
control field 20211209050816.0
008 - FIXED-LENGTH DATA ELEMENTS--GENERAL INFORMATION
fixed length control field 140315s1953 enk b 001 0 eng
035 ## - SYSTEM CONTROL NUMBER
System control number (BD-RjUL)25005
System control number (OCoLC)3081734
040 ## - CATALOGING SOURCE
Original cataloging agency DLC
Transcribing agency KyLoU
Modifying agency OCoLC
-- DLC
-- BD-RjUL
Language of cataloging eng
041 ## - LANGUAGE CODE
Language code of text/sound track or separate title eng
082 ## - DEWEY DECIMAL CLASSIFICATION NUMBER
Classification number 942.073
Author mark and year PAK
100 1# - MAIN ENTRY--PERSONAL NAME
Personal name Pares, Richard
Dates associated with a name 1902-1958.
9 (RLIN) 75562
245 00 - TITLE STATEMENT
Title King George III and the politicians /
Statement of responsibility, etc. Pares Richard,
260 ## - PUBLICATION, DISTRIBUTION, ETC. (IMPRINT)
Place of publication, distribution, etc. Oxford :
Name of publisher, distributor, etc. Clarendon Press,
Date of publication, distribution, etc. 1953.
300 ## - PHYSICAL DESCRIPTION
Pagination 214 p. ;
Size 23 cm.
490 1# - SERIES STATEMENT
Series statement The Ford lectures,
Volume/sequential designation 1951-2
504 ## - BIBLIOGRAPHY, ETC. NOTE
Bibliography, etc Bibliographical footnotes.
Bibliography, etc Includes index.
600 00 - SUBJECT ADDED ENTRY--PERSONAL NAME
Personal name George
Titles and other words associated with a name King of Great Britain,
Dates associated with a name 1738-1820.
651 #0 - SUBJECT ADDED ENTRY--GEOGRAPHIC NAME
Geographic name Great Britain
General subdivision Politics and government
Chronological subdivision 1760-1820.
9 (RLIN) 76224
830 #0 - SERIES ADDED ENTRY--UNIFORM TITLE
Volume number/sequential designation 1951-2.
Uniform title Ford lectures ;
942 ## - ADDED ENTRY ELEMENTS (KOHA)
Source of classification or shelving scheme Dewey Decimal Classification
Koha item type Books
Holdings
Lost status Source of classification or shelving scheme Damaged status Not for loan Collection code Permanent Location Current Location Shelving location Date acquired Source of acquisition Cost, normal purchase price Total Checkouts Full call number Date last seen Copy number Koha item type
  Dewey Decimal Classification   Added to bundle Non-fiction Central Library, University of Rajshahi Central Library, University of Rajshahi Reading Room 31/01/1961 proviacial book shop 15.75   942.073 PAK 1953 15/03/2014 C-1 Books